000 00485nam a2200205Ia 4500
003 OSt
005 20230420111336.0
008 210423s2009 xx 000 0 und d
020 _a8173814252
040 _cAL
041 _aeng
082 _a512.5 PARG
100 _aPARIA (Gunadhar).
_990932
245 _aLinear algebra.
260 _aDelhi
_bNew Central Book Agency
_c2009
300 _aiii,232
_bPB
365 _b195
_cINR
906 _aalgebra. ; Linear
942 _2ddc
_cBK
999 _c160287
_d160287